| 000 | 00631nam a2200157Ia 4500 | ||
|---|---|---|---|
| 008 | 220216s9999 xx 000 0 und d | ||
| 100 | _aDey S.K | ||
| 245 | 0 | _aProblems and prospects of rubber cultivation in North Eastern region | |
| 260 | _bIn: Developing the Potential of Underutilized Horticultural Crops of Hill Regions. (Eds. N. Prakash, S.S. Roy, P.K. Sharma and S.V. Ngachan). Today and Tomorrows Printers and Publishers, New Delhi, India, pp. 431-438. | ||
| 500 | _aSource Year: 2013 | ||
| 650 | _aNE region | ||
| 650 | _aRubber cultivation | ||
| 700 | _aJacob J | ||
| 856 | _uBibli details from author | ||
| 942 | _cJS | ||
| 999 |
_c65717 _d65717 |
||